[Event "SRB-chT Central"]
[Site "Kragujevac"]
[Date "2013.09.19"]
[Round "8.6"]
[White "Mitrovic, Darko R"]
[Black "Dumic, Marko"]
[Result "1/2-1/2"]
[WhiteElo "2278"]
[BlackElo "2266"]
[PlyCount "75"]
[EventDate "2013.09.14"]
[EventType "team-tourn"]
[EventRounds "11"]
[EventCountry "SRB"]
[SourceTitle "CBM 156 Extra"]
[Source "ChessBase"]
[SourceDate "2013.10.22"]
[SourceVersion "1"]
[SourceVersionDate "2013.10.22"]
[SourceQuality "1"]
[WhiteTeam "Donja Studena"]
[BlackTeam "Prijepolje Priko"]
[WhiteTeamCountry "SRB"]
[BlackTeamCountry "SRB"]

1. e4 e6 2. d4 d5 3. Nc3 Bb4 4. e5 c5 5. Bd2 Ne7 6. Nb5 Bxd2+ 7. Qxd2 0-0 8. f4 cxd4 9. Nxd4 Nbc6 10. Ngf3 Qb6 11. 0-0-0 Bd7 12. Kb1 Rac8 13. c3 Nxd4 14. Nxd4 Nc6 15. Nf3 Na5 16. Qd4 Qxd4 17. Nxd4 a6 18. Bd3 Nc6 19. Rhf1 Nxd4 20. cxd4 f6 21. exf6 Rxf6 22. Rc1 Rxc1+ 23. Kxc1 Kf8 24. Kd2 Ke7 25. Ke3 h6 26. h4 Rf8 27. Rc1 Rc8 28. Rxc8 Bxc8 29. g4 Bd7 30. f5 exf5 31. Bxf5 g5 32. Bxd7 Kxd7 33. hxg5 hxg5 34. Kd3 Kc6 35. a4 b5 36. Kc3 a5 37. b3 b4+ 38. Kd3 1/2-1/2

[Event "SRB-chT Central"]
[Site "Kragujevac"]
[Date "2013.09.17"]
[Round "5.2"]
[White "Manic, Jovica"]
[Black "Dumic, Marko"]
[Result "0-1"]
[WhiteElo "2256"]
[BlackElo "2266"]
[PlyCount "66"]
[EventDate "2013.09.14"]
[EventType "team-tourn"]
[EventRounds "11"]
[EventCountry "SRB"]
[SourceTitle "CBM 156 Extra"]
[Source "ChessBase"]
[SourceDate "2013.10.22"]
[SourceVersion "1"]
[SourceVersionDate "2013.10.22"]
[SourceQuality "1"]
[WhiteTeam "Pirot Progres"]
[BlackTeam "Prijepolje Priko"]
[WhiteTeamCountry "SRB"]
[BlackTeamCountry "SRB"]

1. e4 e6 2. d4 d5 3. e5 c5 4. Qg4 cxd4 5. Bd3 Nc6 6. Nf3 Nge7 7. 0-0 Nb4 8. a3 Nxd3 9. cxd3 Nf5 10. h4 h5 11. Qf4 g6 12. Ng5 Bd7 13. Nd2 Bb5 14. Ndf3 Bxd3 15. Rd1 Be2 16. Rxd4 Be7 17. Be3 Bxf3 18. Nxf3 Rc8 19. Ra4 b5 20. Rxa7 Rc4 21. Nd4 Bc5 22. Qg5 Qxg5 23. hxg5 Bxa7 24. Nxf5 gxf5 25. Bxa7 Kd7 26. Rd1 Rg8 27. Be3 f4 28. Bd4 Rxg5 29. Rd3 f6 30. exf6 e5 31. Bc3 Ke6 32. f7 Rf5 33. b3 Rc8 0-1

[Event "SRB-chT2 West CS"]
[Site "Serbia"]
[Date "2011.10.15"]
[Round "9.6"]
[White "Dumic, Marko"]
[Black "Begus, Drasko"]
[Result "0-1"]
[WhiteElo "2249"]
[BlackElo "2321"]
[PlyCount "44"]
[EventDate "2011.09.11"]
[EventType "team"]
[EventRounds "11"]
[EventCountry "SRB"]
[SourceTitle "EXT 2015"]
[Source "ChessBase"]
[SourceDate "2014.11.20"]
[SourceVersion "1"]
[SourceVersionDate "2014.11.20"]
[SourceQuality "1"]

1. d4 Nf6 2. c4 g6 3. Nc3 Bg7 4. e4 d6 5. f3 Nc6 6. Be3 0-0 7. Qd2 a6 8. Nge2 Rb8 9. d5 Ne5 10. Nd4 c5 11. dxc6 bxc6 12. Be2 c5 13. Nb3 Rb4 14. Rd1 Qb6 15. Nd5 Nxd5 16. cxd5 a5 17. Rb1 Ba6 18. Nc1 Bxe2 19. Qxe2 Nc4 20. Nd3 Nxe3 21. Qxe3 c4 22. Qxb6 Rxb6 0-1

[Event "SRB-chT2 West CS"]
[Site "Serbia"]
[Date "2011.10.14"]
[Round "8.6"]
[White "Brkljaca, Ante"]
[Black "Dumic, Marko"]
[Result "1-0"]
[WhiteElo "2319"]
[BlackElo "2249"]
[PlyCount "83"]
[EventDate "2011.09.11"]
[EventType "team"]
[EventRounds "11"]
[EventCountry "SRB"]
[SourceTitle "EXT 2015"]
[Source "ChessBase"]
[SourceDate "2014.11.20"]
[SourceVersion "1"]
[SourceVersionDate "2014.11.20"]
[SourceQuality "1"]

1. d4 d5 2. Nf3 Nf6 3. c4 e6 4. Nc3 Be7 5. Bg5 h6 6. Bh4 0-0 7. e3 b6 8. Bd3 Bb7 9. 0-0 Nbd7 10. Rc1 dxc4 11. Bxc4 c5 12. Qe2 Ne4 13. Nxe4 Bxh4 14. Nc3 Bf6 15. Rfd1 Qe7 16. d5 exd5 17. Bxd5 Bxc3 18. Bxb7 Rab8 19. Rxc3 Rxb7 20. Qb5 Nb8 21. Rcd3 a6 22. Qc4 b5 23. Qg4 Rb6 24. Rd5 Rg6 25. Qh3 Nc6 26. Nh4 Rf6 27. Nf5 Qa7 28. Rd6 Rg6 29. Rxg6 fxg6 30. Rd7 Rxf5 31. Rxa7 Nxa7 32. e4 Rf6 33. e5 Rf5 34. Qe3 Nc6 35. f4 Nd4 36. b4 Rxf4 37. bxc5 Ne6 38. c6 Rc4 39. Qb6 Kh7 40. Qxa6 Rc5 41. Qb6 Rxe5 42. c7 1-0

[Event "SRB-chT2 West"]
[Site "Valjevo"]
[Date "2010.10.14"]
[Round "6"]
[White "Dumic, Marko"]
[Black "Vasic, Vladimir"]
[Result "0-1"]
[WhiteElo "2250"]
[BlackElo "2177"]
[PlyCount "66"]
[EventDate "2010.09.12"]
[EventType "team-tourn"]
[EventRounds "9"]
[EventCountry "YUG"]
[SourceTitle "EXT 2011"]
[Source "ChessBase"]
[SourceDate "2010.11.26"]
[SourceVersion "1"]
[SourceVersionDate "2010.11.26"]
[SourceQuality "1"]

1. d4 d5 2. c4 dxc4 3. e3 e5 4. Bxc4 exd4 5. Nf3 Bb4+ 6. Kf1 Nc6 7. exd4 Nf6 8. d5 Be6 9. Nc3 Bxc3 10. bxc3 Bxd5 11. Bxd5 Qxd5 12. Qe2+ Qe4 13. Be3 0-0 14. Qb5 Rab8 15. Re1 a6 16. Qb3 Nd5 17. Bc5 Qd3+ 18. Kg1 Rfd8 19. Bd4 Nxd4 20. cxd4 Qxb3 21. axb3 Re8 22. Kf1 f6 23. g3 Kf7 24. Kg2 Rxe1 25. Rxe1 Re8 26. Rxe8 Kxe8 27. Nd2 Ke7 28. Kf3 Ke6 29. Ke4 b5 30. Kd3 a5 31. Ne4 Nb4+ 32. Kc3 Kd5 33. f3 Nc6 0-1

[Event "SRB-chT2 West"]
[Site "Valjevo"]
[Date "2010.10.10"]
[Round "5"]
[White "Dumic, Marko"]
[Black "Tasic, Vladimir"]
[Result "1/2-1/2"]
[WhiteElo "2250"]
[BlackElo "2235"]
[PlyCount "118"]
[EventDate "2010.09.12"]
[EventType "team-tourn"]
[EventRounds "9"]
[EventCountry "YUG"]
[SourceTitle "EXT 2011"]
[Source "ChessBase"]
[SourceDate "2010.11.26"]
[SourceVersion "1"]
[SourceVersionDate "2010.11.26"]
[SourceQuality "1"]

1. d4 Nf6 2. c4 g6 3. Nc3 Bg7 4. e4 d6 5. f3 0-0 6. Be3 e5 7. Nge2 Nc6 8. d5 Ne7 9. Qd2 Nd7 10. g4 f5 11. gxf5 gxf5 12. 0-0-0 f4 13. Bf2 Nf6 14. Kb1 Bd7 15. c5 Ng6 16. Nc1 Rf7 17. Bc4 b6 18. cxd6 cxd6 19. Ba6 Bf8 20. Nd3 Bc8 21. Nb4 Bxa6 22. Nxa6 Qc8 23. Nb4 Qh3 24. Qe2 Rg7 25. Rdg1 Ne8 26. Nc6 Nc7 27. Be1 Kf7 28. Nd1 Ne7 29. Rxg7+ Bxg7 30. Nxe7 Kxe7 31. Rg1 Bf6 32. Bb4 Qd7 33. Nf2 a5 34. Be1 Qb5 35. Nd3 Rc8 36. Bf2 Ne8 37. Nxf4 Qxe2 38. Nxe2 b5 39. Rc1 Rb8 40. Rc6 a4 41. Rb6 Rxb6 42. Bxb6 b4 43. Kc2 Bh4 44. Kd3 Be1 45. Kc4 Nf6 46. Kb5 b3 47. axb3 axb3 48. Kc4 h5 49. Kxb3 Nh7 50. Be3 Nf8 51. Kc4 Kd7 52. b4 Ng6 53. Bg5 Kc7 54. f4 exf4 55. Bxf4 Bf2 56. Bg3 Bxg3 57. hxg3 h4 58. gxh4 Nxh4 59. Nd4 Ng6 1/2-1/2

[Event "Senta op-A 13th"]
[Site "Senta"]
[Date "2009.07.25"]
[Round "9"]
[White "Mirkovic, Stevan"]
[Black "Dumic, Marko"]
[Result "1/2-1/2"]
[WhiteElo "2242"]
[BlackElo "2222"]
[PlyCount "79"]
[EventDate "2009.07.18"]
[EventType "swiss"]
[EventRounds "9"]
[EventCountry "YUG"]
[SourceTitle "CBM 131 Extra"]
[Source "ChessBase"]
[SourceDate "2009.09.03"]
[SourceVersion "2"]
[SourceVersionDate "2009.09.16"]
[SourceQuality "1"]

1. Nf3 d5 2. d4 Nf6 3. c4 e6 4. Nc3 dxc4 5. e3 a6 6. a4 c5 7. Bxc4 Nc6 8. 0-0 b6 9. Qe2 Be7 10. Rd1 Qc7 11. d5 exd5 12. Nxd5 Nxd5 13. Bxd5 0-0 14. b3 Bf6 15. Bb2 Bxb2 16. Qxb2 Bb7 17. Rd2 Na5 18. Rad1 Bxd5 19. Rxd5 Rad8 20. h3 Rxd5 21. Rxd5 Rd8 22. Qe5 Qc8 23. Nd2 Rxd5 24. Qxd5 h6 25. Qd6 c4 26. Nxc4 Nxc4 27. bxc4 Qxc4 28. Qxb6 Qxa4 29. Qd8+ Kh7 30. Qd3+ g6 31. Qd5 Kg7 32. Qe5+ Kg8 33. Qb8+ Kh7 34. Qa7 Qa1+ 35. Kh2 Qa2 36. f3 a5 37. e4 a4 38. e5 a3 39. e6 Qxe6 40. Qxa3 1/2-1/2

[Event "Senta op-A 13th"]
[Site "Senta"]
[Date "2009.07.23"]
[Round "7"]
[White "Budimir, Boris"]
[Black "Dumic, Marko"]
[Result "1/2-1/2"]
[WhiteElo "2352"]
[BlackElo "2222"]
[PlyCount "80"]
[EventDate "2009.07.18"]
[EventType "swiss"]
[EventRounds "9"]
[EventCountry "YUG"]
[SourceTitle "CBM 131 Extra"]
[Source "ChessBase"]
[SourceDate "2009.09.03"]
[SourceVersion "2"]
[SourceVersionDate "2009.09.16"]
[SourceQuality "1"]

1. e4 e6 2. d4 d5 3. Nc3 Bb4 4. e5 c5 5. Bd2 Ne7 6. f4 Nbc6 7. Nb5 Bxd2+ 8. Qxd2 Nxd4 9. Nxd4 cxd4 10. Nf3 Qb6 11. 0-0-0 Nc6 12. Kb1 Bd7 13. Nxd4 Nxd4 14. Qxd4 Qxd4 15. Rxd4 Ke7 16. Rd1 Rac8 17. c3 Rc5 18. Bd3 g6 19. Rd2 b5 20. h4 h5 21. Be2 a5 22. a3 Rc7 23. Rd4 Rb8 24. Rc1 Rbc8 25. Kc2 Rb8 26. Kd2 Rcb7 27. g3 Rb6 28. Ke3 R6b7 29. Rdd1 Rc7 30. Kd4 Rbc8 31. Ra1 Rb8 32. Rdc1 Rbc8 33. Bd3 b4 34. axb4 axb4 35. c4 Bb5 36. b3 dxc4 37. bxc4 Rd8+ 38. Ke3 Rdc8 39. Kd4 Rd8+ 40. Ke3 Rdc8 1/2-1/2

[Event "SRB-chT2 West"]
[Site "Serbia"]
[Date "2008.09.21"]
[Round "2.2"]
[White "Dumic, Marko"]
[Black "Djokovic, Nebojsa"]
[Result "0-1"]
[WhiteElo "2215"]
[BlackElo "2158"]
[PlyCount "82"]
[EventDate "2008.09.14"]
[EventType "team"]
[EventRounds "11"]
[EventCountry "SRB"]
[SourceTitle "EXT 2012"]
[Source "ChessBase"]
[SourceDate "2011.11.24"]
[SourceVersion "1"]
[SourceVersionDate "2011.11.24"]
[SourceQuality "1"]

1. d4 d5 2. c4 e5 3. dxe5 d4 4. Nf3 Nc6 5. g3 Bf5 6. a3 a5 7. Bg2 Bc5 8. 0-0 Nge7 9. Nbd2 Ng6 10. Nb3 Ba7 11. c5 d3 12. exd3 a4 13. Bg5 Qxd3 14. Nbd2 Bxc5 15. Rc1 Ba7 16. Rc3 Qd7 17. Be3 0-0 18. Bxa7 Rxa7 19. Re1 Rd8 20. Qc1 Raa8 21. Ne4 Bxe4 22. Rxe4 Qd1+ 23. Re1 Qxc1 24. Rcxc1 Re8 25. e6 f6 26. h4 Ra5 27. Rc4 Re7 28. h5 Nf8 29. Nd4 Nxd4 30. Rxd4 c6 31. h6 gxh6 32. Rd8 Kg7 33. Re4 f5 34. Rb4 Nxe6 35. Rb8 Ra7 36. Bh3 Kf6 37. Rh4 Kg6 38. Bf1 b5 39. Rb6 Rac7 40. Bg2 Ng5 41. Bxc6 Kg7 0-1

[Event "SRB-chT2 West"]
[Site "Serbia"]
[Date "2007.10.18"]
[Round "7"]
[White "Dumic, Marko"]
[Black "Milanovic, Slavisa"]
[Result "1/2-1/2"]
[WhiteElo "2248"]
[BlackElo "2318"]
[PlyCount "69"]
[EventDate "2007.09.09"]
[EventType "team"]
[EventRounds "11"]
[EventCountry "SRB"]
[SourceTitle "EXT 2012"]
[Source "ChessBase"]
[SourceDate "2011.11.24"]
[SourceVersion "1"]
[SourceVersionDate "2011.11.24"]
[SourceQuality "1"]
[WhiteTeam "Prijepolje Priko"]
[BlackTeam "Ub"]
[WhiteTeamCountry "SRB"]
[BlackTeamCountry "SRB"]

1. d4 e6 2. c4 Nf6 3. Nf3 Bb4+ 4. Bd2 Qe7 5. a3 Bxd2+ 6. Nbxd2 d6 7. e3 e5 8. Qc2 0-0 9. Bd3 Bg4 10. dxe5 dxe5 11. Ne4 Nbd7 12. Nfd2 h6 13. Nxf6+ Nxf6 14. Ne4 Nxe4 15. Bxe4 c6 16. 0-0 Rad8 17. c5 f5 18. f3 Qg5 19. Qb3+ Kh8 20. fxg4 fxe4 21. Rxf8+ Rxf8 22. Rf1 Rxf1+ 23. Kxf1 Qxg4 24. Qxb7 Qd1+ 25. Kf2 Qd2+ 26. Kf1 Qc1+ 27. Kf2 Qxc5 28. Qc8+ Kh7 29. Qf5+ Kg8 30. Qxe4 a5 31. b4 axb4 32. axb4 Qc3 33. Kf3 Kf7 34. b5 cxb5 35. Qb7+ 1/2-1/2

[Event "SRB-chT2 West"]
[Site "Serbia"]
[Date "2007.09.30"]
[Round "4.5"]
[White "Nikolic, Nebojsa2"]
[Black "Dumic, Marko"]
[Result "1-0"]
[WhiteElo "2372"]
[BlackElo "2248"]
[PlyCount "95"]
[EventDate "2007.09.09"]
[EventType "team"]
[EventRounds "11"]
[EventCountry "SRB"]
[SourceTitle "EXT 2012"]
[Source "ChessBase"]
[SourceDate "2011.11.24"]
[SourceVersion "1"]
[SourceVersionDate "2011.11.24"]
[SourceQuality "1"]
[WhiteTeam "Pozega"]
[BlackTeam "Prijepolje Priko"]
[WhiteTeamCountry "SRB"]
[BlackTeamCountry "SRB"]

1. d4 e6 2. c4 Nf6 3. Nc3 Bb4 4. f3 d5 5. a3 Be7 6. e4 dxc4 7. Bxc4 c5 8. Nge2 a6 9. Be3 b5 10. Ba2 cxd4 11. Nxd4 Bb7 12. 0-0 Nc6 13. Nxc6 Qxd1 14. Rfxd1 Bxc6 15. Rac1 Rc8 16. Ne2 0-0 17. Nd4 Bd7 18. e5 Nd5 19. Nf5 Rxc1 20. Nxe7+ Nxe7 21. Rxc1 Rc8 22. Rxc8+ Bxc8 23. Bc5 Nc6 24. f4 f6 25. exf6 gxf6 26. Kf2 Kg7 27. Ke3 e5 28. Bd6 exf4+ 29. Bxf4 a5 30. Bd5 Bd7 31. Bd6 a4 32. Ke4 f5+ 33. Kf4 Kg6 34. Bc5 Na5 35. h4 h5 36. Bd4 Nc4 37. g3 Nd2 38. Be5 Nc4 39. Bc3 Nd6 40. Ke3 Ne4 41. Be5 Nf6 42. Bxf6 Kxf6 43. Bf3 Be8 44. Kf4 Bf7 45. Be2 Be8 46. Bf1 Bd7 47. Bd3 Be8 48. Bxf5 1-0

[Event "SRB-chT2 West"]
[Site "Serbia"]
[Date "2006.10.27"]
[Round "9.2"]
[White "Dumic, Marko"]
[Black "Milosevic, Boban"]
[Result "1/2-1/2"]
[WhiteElo "2139"]
[BlackElo "2288"]
[PlyCount "42"]
[EventDate "2006.09.09"]
[EventType "team"]
[EventRounds "11"]
[EventCountry "SRB"]
[SourceTitle "EXT 2012"]
[Source "ChessBase"]
[SourceDate "2011.11.24"]
[SourceVersion "1"]
[SourceVersionDate "2011.11.24"]
[SourceQuality "1"]

1. d4 d5 2. c4 e6 3. Nf3 Be7 4. Nc3 Nf6 5. Bg5 Nbd7 6. e3 0-0 7. Rc1 c6 8. Bd3 a6 9. b3 Re8 10. 0-0 Nf8 11. Ne5 N6d7 12. Bxe7 Qxe7 13. Nxd7 Nxd7 14. Qc2 Nf6 15. Na4 h6 16. f4 Nd7 17. c5 f5 18. b4 Nf6 19. Nc3 Bd7 20. a4 Kh8 21. Rb1 Rg8 1/2-1/2

[Event "SRB-chT2 West"]
[Site "Serbia"]
[Date "2006.09.23"]
[Round "3.4"]
[White "Vasic, Vladimir"]
[Black "Dumic, Marko"]
[Result "1/2-1/2"]
[WhiteElo "2185"]
[BlackElo "2139"]
[PlyCount "110"]
[EventDate "2006.09.09"]
[EventType "team"]
[EventRounds "11"]
[EventCountry "SRB"]
[SourceTitle "EXT 2012"]
[Source "ChessBase"]
[SourceDate "2011.11.24"]
[SourceVersion "1"]
[SourceVersionDate "2011.11.24"]
[SourceQuality "1"]

1. e4 e6 2. d4 d5 3. Nd2 c5 4. exd5 exd5 5. Ngf3 Nc6 6. Bb5 Bd6 7. dxc5 Bxc5 8. 0-0 Nge7 9. Nb3 Bd6 10. Re1 0-0 11. Nbd4 Bg4 12. Be3 Nxd4 13. Bxd4 Nc6 14. Bc3 d4 15. Bd2 Qb6 16. Bd3 Ne5 17. Be4 Bxf3 18. gxf3 Ng6 19. f4 Bxf4 20. Bxf4 Nxf4 21. Qf3 Ng6 22. Bxb7 Rab8 23. Bd5 Qxb2 24. Bb3 Kh8 25. Rad1 f6 26. Qe4 Rbd8 27. Rd3 f5 28. Qc6 Qa3 29. Qxg6 Qxb3 30. Qxg7+ Kxg7 31. cxb3 Rf7 32. Re5 Kf6 33. Ra5 Kg5 34. Ra4 Rfd7 35. Kf1 Kf4 36. Ke2 Ke4 37. Rc4 Rd6 38. Rh3 R8d7 39. Rh4+ Ke5 40. Kd3 Rg6 41. f4+ Kf6 42. Rxd4 Re7 43. Rd6+ Kg7 44. Rxg6+ hxg6 45. Rh3 Re4 46. Rf3 Kh6 47. a3 Kh5 48. b4 Kg4 49. Rg3+ Kxf4 50. Rxg6 Re3+ 51. Kc4 Rxa3 52. b5 Ra2 53. h4 Rh2 54. Ra6 Rxh4 55. Rxa7 Ke3+ 1/2-1/2